01321nab a22002417a 4500003000400000005001700004008004100021040000700062100002200069245019600091260007300287300001400360500003700374505029400411505008200705650001800787650001800805650002900823650002500852650002100877650003000898773015100928OSt20251229113110.0190429b xxu||||| |||| 00| 0 spa d cPJ aPeralta, Nazareno13aEl derecho a la certidumbre : buna garantía pendiente del proceso penal argentino. Reflexiones sobre la espera indefinida entre la elevación a juicio y el debate oral /cNazareno Peralta cCiudad Autónoma de Buenos Aires :aThomson Reuters La Ley, b2025. ap. 96-102 aCita: TR LALEY AR/DOC/2190/2025. aSumario: I. Introducción.— II. La incertidumbre como forma de castigo no declarado.— III. Impacto subjetivo y existencial de la incertidumbre.— IV. El juicio abreviado y el valor de la certeza.— V. Propuestas para la garantía del derecho a la certidumbre.— VI. Por todo ello. tSi te interesa el texto completo, solicitalo a koha@justierradelfuego.gov.ar  0aDERECHO PENAL 0aPROCESO PENAL 0aTUTELA JUDICIAL EFECTIVA 0aPRISIÓN PREVENTIVA 0aJUICIO ABREVIADO 0aPRESUNCIÓN DE INOCENCIA0 02658tRevista de derecho penal y criminología. Nº 8 - Octubre 2025dCiudad Autónoma de Buenos Aires : Thomson Reuters La Ley, 2017-x00347914